Prueba de apellido de Harry Potter - Estadísticas

Estadísticas generales
  • Esta prueba ha sido intentada 255 veces
  • La puntuación promedio es 20 de 24
Estadísticas de respuestas
Nombre de pila Apellido % Correcto
Harry Potter
100%
Severus Snape
100%
Draco Malfoy
99%
Hermione Granger
98%
Sirius Black
97%
Ron Weasley
97%
Albus Dumbledore
95%
Bellatrix LeStrange
93%
Remus Lupin
93%
Dolores Umbridge
93%
Minerva McGonagall
90%
Alastor Moody
90%
Luna Lovegood
89%
Rubeus Hagrid
88%
Viktor Krum
88%
Neville Longbottom
87%
Cho Chang
85%
Cedric Diggory
81%
Gilderoy Lockhart
73%
Dudley Dursley
71%
Helga Hufflepuff
71%
Rita Skeeter
62%
Sybill Trelawney
52%
Filius Flitwick
43%
No se encontraron pruebas coincidentes
Distribución de puntuación
Porcentaje de gente con cada puntuación
Porcentaje por número respondido
Historial de tus puntuaciones
No has intentado esta prueba.